[Event "rudy"]
[Site "http://www.queenalice.com/game.php?id=7180"]
[Date "2005.3.18"]
[Round "-"]
[White "rudy"]
[Black "mdsawyermd"]
[Result "0-1"]
[WhiteElo "1229"]
[BlackElo "1701"]

1. d4 d6 2. e3 Nf6 3. Nf3 g6 4. Bb5+ Bd7 5. O-O Bxb5 6. Re1 Bc6 7. Nc3 Bxf3 8.
Qxf3 Nc6 9. Nd5 Nxd5 10. Qxd5 e6 11. Qf3 d5 12. g4 Bd6 13. c4 dxc4 14. b3 b5 15.
Qxc6+ Kf8 16. Qxb5 Qh4 17. Rf1 Qxh2# 0-1

[Event "AUTO-OPEN-81"]
[Site "http://www.queenalice.com/game.php?id=12334"]
[Date "2005.5.7"]
[Round "1"]
[White "seifullaah73"]
[Black "mdsawyermd"]
[Result "0-1"]
[WhiteElo "1361"]
[BlackElo "1735"]

1. e4 d6 2. Nf3 Nf6 3. Bb5+ Bd7 4. Bxd7+ Qxd7 5. Nc3 g6 6. d3 Bg7 7. b3 Nc6 8.
Bd2 O-O 9. Qe2 e6 10. O-O Ng4 11. Bf4 Bxc3 12. Rad1 e5 13. Bd2 Bxd2 14. Rxd2 Nd4
15. Nxd4 exd4 16. h3 Ne5 17. f4 Nc6 18. Qf3 f5 19. exf5 Qxf5 20. g4 Qa5 21. Qe2
Qxa2 22. Re1 Rxf4 23. Qe6+ Rf7 24. Rf1 Rf8 25. Rxf7 Rxf7 0-1

[Event "AUTO-OPEN-81"]
[Site "http://www.queenalice.com/game.php?id=12335"]
[Date "2005.5.7"]
[Round "1"]
[White "mdsawyermd"]
[Black "seifullaah73"]
[Result "1-0"]
[WhiteElo "1748"]
[BlackElo "1419"]

1. d4 g6 2. e4 Nf6 3. Nc3 Bg7 4. e5 Ng8 5. f4 d6 6. Nf3 d5 7. Bd3 e6 8. Be3 Ne7
9. Qe2 O-O 10. g4 c6 11. h4 h5 12. gxh5 gxh5 13. Rg1 Nd7 14. Qg2 Ng6 15. Bxg6
fxg6 16. Qxg6 b5 17. Qxg7# 1-0

[Event "AUTO-OPEN-81"]
[Site "http://www.queenalice.com/game.php?id=12358"]
[Date "2005.5.7"]
[Round "1"]
[White "Kritikos"]
[Black "mdsawyermd"]
[Result "0-1"]
[WhiteElo "1531"]
[BlackElo "1737"]

1. d4 d6 2. e4 Nf6 3. Nc3 g6 4. Nf3 Bg7 5. Bf4 O-O 6. e5 dxe5 7. dxe5 Nh5 8. Bg3
Nxg3 9. hxg3 Nc6 10. Bb5 Nxe5 11. Nxe5 Qxd1+ 12. Rxd1 Bxe5 13. O-O Bf5 14. Bd3
Bxd3 15. Rxd3 Bd6 16. Rfd1 e5 17. Ne4 Be7 18. f4 f5 19. Ng5 h6 20. Ne6 e4 21.
Rd7 Rf7 22. Nxc7 Rc8 23. Kh2 g5 24. fxg5 hxg5 25. Nd5 Rh7+ 26. Kg1 Bc5+ 27. Kf1
Rxd7 28. Nf6+ Kg7 29. Nxd7 Be7 30. c3 Rh8 31. Ne5 Rh1+ 32. Ke2 Rxd1 33. Kxd1 Bd6
34. Nc4 Bxg3 35. Ke2 f4 36. b4 g4 37. Ne5 f3+ 38. gxf3 Bxe5 39. fxg4 Bf4 40. a4
b6 41. c4 Kg6 42. c5 bxc5 43. bxc5 Kg5 0-1

[Event "AUTO-OPEN-81"]
[Site "http://www.queenalice.com/game.php?id=12359"]
[Date "2005.5.7"]
[Round "1"]
[White "mdsawyermd"]
[Black "Kritikos"]
[Result "1-0"]
[WhiteElo "1701"]
[BlackElo "1613"]

1. d4 Nf6 2. Nf3 d5 3. Nc3 Ne4 4. Nxe4 dxe4 5. Ng5 Qd5 6. f3 exf3 7. exf3 h6 8.
Ne4 Nc6 9. Be3 Bf5 10. Bd3 Nxd4 11. Bxd4 Qxd4 12. Bb5+ 1-0

[Event "AUTO-OPEN-81"]
[Site "http://www.queenalice.com/game.php?id=12374"]
[Date "2005.5.7"]
[Round "1"]
[White "mdsawyermd"]
[Black "marison"]
[Result "0-1"]
[WhiteElo "1750"]
[BlackElo "1660"]

1. d4 Nc6 2. Nf3 Nf6 3. Nc3 d5 4. Bf4 Bg4 5. e3 Ne4 6. Bd3 Nxc3 7. bxc3 e6 8.
O-O Bd6 9. h3 Bxf4 10. exf4 Bxf3 11. Qxf3 Qf6 12. Rab1 O-O-O 13. Rb2 g6 14. Rfb1
b6 15. Ba6+ Kb8 16. Bb5 Rd6 17. g3 Ne7 18. Ba6 c6 19. a4 Kc7 20. Rb4 h5 21. c4
dxc4 22. Rxc4 Rhd8 23. c3 h4 24. a5 Rb8 25. Qd1 hxg3 26. fxg3 Kd7 27. Qa4 b5 28.
Bxb5 a6 29. Bxc6+ Rxc6 30. Rxb8 e5 31. d5 Nxd5 32. Rb7+ Nc7 33. fxe5 Qe6 34. Rb6
Qxc4 35. Qd1+ Ke7 36. Rb8 Qc5+ 37. Kh2 Qd5 38. Qa4 Qd2+ 39. Kg1 Qxc3 40. Qh4+
Ke6 41. Qf6+ Kd5 42. Qxf7+ Kd4 43. Rd8+ Kc5 44. Qf2+ Kb5 45. Rb8+ Kc4 46. Rb6
Qc1+ 47. Qf1+ Qxf1+ 48. Kxf1 Kc5 49. Kf2 Rxb6 50. axb6 Kxb6 51. Kf3 Kc5 52. Kf4
Ne6+ 53. Kg4 a5 0-1

[Event "AUTO-OPEN-81"]
[Site "http://www.queenalice.com/game.php?id=12375"]
[Date "2005.5.7"]
[Round "1"]
[White "marison"]
[Black "mdsawyermd"]
[Result "0-1"]
[WhiteElo "1500"]
[BlackElo "1732"]

1. e4 d6 2. Nc3 Nf6 3. Nf3 g6 4. d4 Bg7 5. d5 O-O 6. Bg5 c6 7. dxc6 Nxc6 8. Bc4
Bg4 9. h3 Bxf3 10. Qxf3 Nd4 11. Qd3 e5 12. O-O-O Qa5 13. a4 a6 14. f4 b5 15.
axb5 axb5 16. Ba2 b4 17. fxe5 dxe5 18. Nd5 Ra6 19. Bb3 Nxb3+ 20. Qxb3 Nxe4 21.
Nf6+ Nxf6 22. Bxf6 Bh6+ 23. Rd2 Qa1# 0-1

[Event "Challenge"]
[Site "http://www.queenalice.com/game.php?id=17397"]
[Date "2005.6.25"]
[Round "-"]
[White "mdsawyermd"]
[Black "salso"]
[Result "0-1"]
[WhiteElo "1754"]
[BlackElo "1917"]

1. d4 d5 2. Nf3 e6 3. Nc3 Nf6 4. Bf4 c5 5. e3 Qa5 6. Bd3 c4 7. Be2 Ne4 8. O-O
Nxc3 9. bxc3 Nd7 10. Qd2 Nf6 11. Qc1 Qxc3 12. Ne5 Nd7 13. e4 Nxe5 14. Bxe5 f6
15. Bf4 Ba3 16. Bd2 Bxc1 17. Bxc3 Ba3 18. exd5 exd5 19. Rfe1 Kf7 20. Bf3 Be6 21.
Rab1 b6 22. Bb4 Bxb4 23. Rxb4 Rhd8 24. a4 Rab8 25. c3 Ke7 0-1

[Event "AUTO-OPEN-81"]
[Site "http://www.queenalice.com/game.php?id=54942"]
[Date "2006.2.27"]
[Round "2"]
[White "razoman"]
[Black "mdsawyermd"]
[Result "1-0"]
[WhiteElo "1785"]
[BlackElo "1656"]

1. e4 c5 2. Nf3 e6 3. d4 cxd4 4. Nxd4 Nf6 5. Bg5 Qa5+ 6. Bd2 Qe5 7. Be3 Qxe4 8.
Nd2 Qd5 9. c4 Qe5 10. N2f3 Bb4+ 11. Nd2 Ne4 12. Be2 Bxd2+ 13. Bxd2 Qxd4 14. Be3
Qxd1+ 15. Rxd1 Nc6 16. f3 Nf6 17. Bc5 b6 18. Bd6 a6 19. O-O b5 20. c5 1-0

[Event "AUTO-OPEN-81"]
[Site "http://www.queenalice.com/game.php?id=54943"]
[Date "2006.2.27"]
[Round "2"]
[White "mdsawyermd"]
[Black "razoman"]
[Result "0-1"]
[WhiteElo "1644"]
[BlackElo "1796"]

1. d4 Nf6 2. Nf3 d5 3. Bf4 e6 4. e3 a6 5. c4 c6 6. Nc3 c5 7. dxc5 Bxc5 8. Be2
Nc6 9. cxd5 exd5 10. O-O O-O 11. Bd3 Bg4 12. h3 Bxf3 13. Qxf3 d4 14. exd4 Bxd4
15. Rad1 Qa5 16. h4 Bxc3 17. bxc3 Qxa2 18. Rfe1 Rfe8 19. Re2 Rxe2 0-1

[Event "Feb1"]
[Site "http://www.queenalice.com/game.php?id=55270"]
[Date "2006.2.28"]
[Round "-"]
[White "mdsawyermd"]
[Black "NoelMedina"]
[Result "0-1"]
[WhiteElo "1683"]
[BlackElo "1197"]

1. d4 d5 2. Nf3 e6 3. Bf4 Nf6 4. e3 Nbd7 5. Bd3 Be7 6. Nbd2 b6 7. O-O O-O 8. c3
Bb7 9. Ne5 Rc8 10. Qa4 a5 11. c4 c5 12. Rac1 cxd4 13. exd4 dxc4 14. Bxc4 Nxe5
15. Bxe5 Ng4 16. Bf4 Qxd4 17. g3 Bc5 0-1

[Event "Feb2"]
[Site "http://www.queenalice.com/game.php?id=55271"]
[Date "2006.2.28"]
[Round "-"]
[White "Reddaz"]
[Black "mdsawyermd"]
[Result "1-0"]
[WhiteElo "1970"]
[BlackElo "1683"]

1. e4 c5 2. Nf3 e6 3. d3 Nc6 4. g3 g6 5. Bg5 Nge7 6. Bg2 Bg7 7. c3 d6 8. Nbd2 b5
9. a3 h6 10. Be3 Bb7 11. O-O O-O 12. d4 c4 13. b3 cxb3 14. Qxb3 Ba6 15. Rfe1 1-0

[Event "Requested tiebraker"]
[Site "http://www.queenalice.com/game.php?id=55334"]
[Date "2006.3.1"]
[Round "-"]
[White "marison"]
[Black "mdsawyermd"]
[Result "1-0"]
[WhiteElo "1636"]
[BlackElo "1677"]

1. e4 c5 2. Nc3 e6 3. d4 cxd4 4. Qxd4 Nc6 5. Qd3 Nf6 6. Bg5 d6 7. O-O-O Be7 8.
h4 Ne5 9. Qb5+ Nfd7 10. Bxe7 Qxe7 11. Be2 a6 12. Qb4 b5 13. Qxd6 Qxd6 14. Rxd6
b4 15. Na4 Nf6 16. Nf3 Nxf3 17. Bxf3 O-O 18. e5 Bd7 19. Bxa8 Bxa4 20. Rxa6 1-0

[Event "Chess is Fun!"]
[Site "http://www.queenalice.com/game.php?id=216031"]
[Date "2007.5.25"]
[Round "-"]
[White "mdsawyermd"]
[Black "yndy"]
[Result "1-0"]
[WhiteElo "1641"]
[BlackElo "1479"]

1. d4 d5 2. c4 dxc4 3. Nf3 c5 4. d5 Nf6 5. Nc3 Qa5 6. Qa4+ Qxa4 7. Nxa4 Nxd5 8.
Nxc5 b6 9. Ne4 Bf5 10. Ng3 g6 11. e4 Bg4 12. exd5 Bxf3 13. gxf3 Bg7 14. Bxc4 Nd7
15. Be3 O-O 16. f4 Rac8 17. Bb5 Rfd8 18. O-O Nc5 19. Bxc5 Rxc5 20. Bc6 Bxb2 21.
Rab1 Bc3 22. Ne4 Rc4 23. Nxc3 Rxf4 24. Rfe1 Rg4+ 25. Kf1 Rd6 26. Rxe7 a5 27.
Rxb6 Kf8 28. f3 Rb4 29. Re8+ Kg7 30. Rxb4 axb4 31. Ne4 b3 32. axb3 Kh6 33. Nxd6
1-0

[Event "Let's Play Chess!"]
[Site "http://www.queenalice.com/game.php?id=216041"]
[Date "2007.5.25"]
[Round "-"]
[White "Eivind"]
[Black "mdsawyermd"]
[Result "1-0"]
[WhiteElo "1571"]
[BlackElo "1661"]

1. d4 Nf6 2. c4 e6 3. Nc3 Bb4 4. g3 c5 5. Nf3 Ne4 6. Bd2 Bxc3 7. Bxc3 Nxc3 8.
bxc3 Qa5 9. Qb3 d6 10. Bg2 O-O 11. O-O Nc6 12. d5 Ne7 13. Ng5 e5 14. e4 b6 15.
a4 f6 16. Ne6 Bxe6 17. dxe6 f5 18. exf5 Rxf5 19. Bxa8 Rf6 20. Qb5 Qxb5 21. axb5
Rxe6 22. Bd5 Nxd5 23. cxd5 1-0

[Event "Let's Play Chess!"]
[Site "http://www.queenalice.com/game.php?id=219618"]
[Date "2007.6.2"]
[Round "-"]
[White "mdsawyermd"]
[Black "ChrisDavison102"]
[Result "1-0"]
[WhiteElo "1633"]
[BlackElo "1864"]

1. e4 c5 2. Nf3 d6 3. d4 cxd4 4. Nxd4 Nf6 5. Nc3 a6 6. Be3 e6 7. f3 Be7 8. g4 h6
9. Qd2 Nc6 10. O-O-O O-O 11. h4 Bd7 12. g5 hxg5 13. hxg5 Ne8 14. Qh2 f6 15. g6
1-0

[Event "Challenge"]
[Site "http://www.queenalice.com/game.php?id=221021"]
[Date "2007.6.5"]
[Round "-"]
[White "mdsawyermd"]
[Black "lucianoterra"]
[Result "1-0"]
[WhiteElo "1658"]
[BlackElo "1327"]

1. e4 d5 2. exd5 Qxd5 3. Nc3 Qc6 4. Bb5 Qxb5 5. Nxb5 Na6 6. Nf3 Bd7 7. Qe2 c6 8.
Nd6+ Kd8 9. Nxf7+ Kc7 10. d3 g6 11. Qe5+ Kc8 12. Qxh8 Nf6 13. Qxf8+ Ne8 14. Bf4
Nb4 15. Qxe7 Nc7 16. Qd8# 1-0

[Event "Challenge"]
[Site "http://www.queenalice.com/game.php?id=247077"]
[Date "2007.7.27"]
[Round "-"]
[White "mdsawyermd"]
[Black "lesangesleader"]
[Result "0-1"]
[WhiteElo "1651"]
[BlackElo "1490"]

1. e4 e6 2. d4 d5 3. Nc3 a6 4. Nf3 Nf6 5. exd5 exd5 6. Bd3 Be7 7. O-O O-O 8. Bg5
c6 9. Na4 Nbd7 10. Ne5 Re8 11. Re1 h6 12. Nxd7 Bxd7 13. Bxf6 Bxf6 14. Nc5 Rb8
15. Nxd7 Qxd7 16. Qh5 Bxd4 17. Bf5 Qd6 18. c3 Bf6 19. Bd3 Re5 20. Qf3 Rbe8 21.
Re3 Rxe3 22. fxe3 Bg5 23. Re1 Qc5 24. Kf2 Re6 25. g3 Rf6 0-1